[Event "Xtracon Chess Open 2016"]
[Site "Elsinore"]
[Date "2016.07.28"]
[Round "7.127"]
[White "Strachan, Christian C"]
[Black "Rasmussen, Henning"]
[Result "1/2-1/2"]
[WhiteElo "1964"]
[BlackElo "1779"]
[PlyCount "108"]
[EventDate "2016.07.23"]

1. e4 c6 2. d4 d5 3. e5 Bf5 4. Nf3 e6 5. Be2 c5 6. Be3 cxd4 7. Nxd4 Bg6 8. O-O
Nc6 9. f4 Bc5 10. c3 Nge7 11. Qd2 Qb6 12. Na3 a6 13. Bf2 Nxd4 14. Bxd4 Bxd4+
15. cxd4 Rc8 16. g4 Be4 17. Rac1 Kd7 18. Nb1 Rxc1 19. Rxc1 Nc6 20. Nc3 Qxd4+
21. Qxd4 Nxd4 22. Bd1 Rc8 23. Kf2 Nb5 24. Ba4 Kd8 25. Bxb5 axb5 26. Rd1 Rc4 27.
Rd2 b4 28. Nb5 Rc2 29. Ke3 Rxd2 30. Kxd2 Ke7 31. Nd6 Bf3 32. g5 f6 33. Ke3 Bh5
34. Nxb7 fxe5 35. fxe5 Bg6 36. Nc5 Bb1 37. a4 bxa3 38. bxa3 Bf5 39. Kd4 h6 40.
gxh6 gxh6 41. a4 Kd8 42. Nb7+ Kc7 43. Nd6 Bh3 44. Kc5 h5 45. Nb5+ Kb7 46. Nd4
Ka6 47. Kb4 Bg4 48. Nb3 Bh3 49. a5 Kb7 50. Nc5+ Kc6 51. Nb3 Kb7 52. Kb5 Bf1+
53. Kb4 Bh3 54. Nd4 Ka6 1/2-1/2

[Event "Xtracon Chess Open 2016"]
[Site "Elsinore"]
[Date "2016.07.28"]
[Round "7.129"]
[White "Pedersen, Carl Aage"]
[Black "Holmstrom, Johan Ravnborg"]
[Result "0-1"]
[WhiteElo "1781"]
[BlackElo "1942"]
[PlyCount "128"]
[EventDate "2016.07.23"]

1. d4 Nf6 2. c4 e6 3. Nf3 Bb4+ 4. Bd2 Qe7 5. a3 Bxd2+ 6. Nbxd2 d6 7. e3 O-O 8.
Bd3 e5 9. Qc2 Re8 10. dxe5 dxe5 11. e4 c5 12. O-O Nc6 13. Rad1 Bg4 14. Rde1
Rad8 15. h3 Bh5 16. Re3 Rd6 17. Qb1 a5 18. Be2 Red8 19. Rd3 Bg6 20. Rxd6 Rxd6
21. Qc2 Qd7 22. Rd1 Nh5 23. Nb3 b6 24. Rxd6 Qxd6 25. Qd3 Qxd3 26. Bxd3 Nf4 27.
Bc2 f6 28. Nc1 Bf7 29. b3 Kf8 30. Kf1 Ke7 31. Nd3 Ne6 32. a4 g6 33. Nc1 Kd6 34.
Ne2 Ncd4 35. Nfxd4 cxd4 36. Nc1 Nc5 37. Ke2 Be6 38. g4 Bd7 39. f3 Bc6 40. Nd3
Bd7 41. Kd2 Na6 42. Ne1 Nb4 43. Bb1 Ke7 44. Nd3 Na6 45. Bc2 Be6 46. Nf2 Nc5 47.
Nd3 Bd7 48. Nxc5 bxc5 49. Bd3 f5 50. Ke2 Kf6 51. Kf2 h5 52. Kg3 hxg4 53. hxg4
fxg4 54. fxg4 Kg5 55. Be2 d3 56. Bf3 d2 57. Bd1 Bc6 58. Kf3 Kh4 59. Ke3 Kg3 60.
Be2 g5 61. Bd1 Kg2 62. Be2 Kg3 63. Bd1 Bd7 64. Kxd2 Kf4 0-1

[Event "Xtracon Chess Open 2016"]
[Site "Elsinore"]
[Date "2016.07.28"]
[Round "7.130"]
[White "Kalveus, Jan"]
[Black "McAndrew, Robert"]
[Result "1/2-1/2"]
[WhiteElo "1773"]
[BlackElo "1939"]
[PlyCount "73"]
[EventDate "2016.07.23"]

1. d4 Nf6 2. Bg5 d5 3. Nf3 e6 4. e3 Be7 5. Bd3 Nbd7 6. O-O c5 7. c4 h6 8. Bf4
O-O 9. Nc3 dxc4 10. Bxc4 Nb6 11. Bb3 c4 12. Bc2 Nbd5 13. Bg3 Bd7 14. Ne5 b5 15.
a3 Rc8 16. Qe2 Nxc3 17. bxc3 Nd5 18. Qd2 Be8 19. e4 Nc7 20. Qe2 f6 21. Ng4 Kh7
22. Ne3 Na8 23. Qg4 Nb6 24. f4 g6 25. Qf3 f5 26. Rfd1 Qc7 27. e5 Bc6 28. Qe2 a5
29. Be1 Rf7 30. Rab1 a4 31. h3 Qd8 32. Bd2 Qd7 33. Kh2 Qe8 34. Rf1 Nd5 35. Nxd5
Bxd5 36. Bc1 Rc7 37. Ra1 1/2-1/2

[Event "Xtracon Chess Open 2016"]
[Site "Elsinore"]
[Date "2016.07.28"]
[Round "7.131"]
[White "Andersen, Claus"]
[Black "Saltvedt, Martin"]
[Result "0-1"]
[WhiteElo "1766"]
[BlackElo "1935"]
[PlyCount "50"]
[EventDate "2016.07.23"]

1. d4 d5 2. c4 Nf6 3. cxd5 Nxd5 4. Nf3 Nc6 5. e4 Nb6 6. Nc3 Bg4 7. Be3 e6 8.
Be2 Bd6 9. O-O Qd7 10. a4 Rd8 11. a5 Bxf3 12. Bxf3 Nc4 13. Qe2 Nxe3 14. Qxe3
O-O 15. d5 exd5 16. Nxd5 Rfe8 17. Qg5 h6 18. Qd2 Bb4 19. Qf4 Bxa5 20. Rfd1 Qd6
21. Qxd6 Rxd6 22. b4 Bxb4 23. Nxc7 Rxd1+ 24. Rxd1 Rc8 25. Nd5 Bc5 0-1

[Event "Xtracon Chess Open 2016"]
[Site "Elsinore"]
[Date "2016.07.28"]
[Round "7.132"]
[White "Westerlund, Ola"]
[Black "Rendlev, Niels Moller"]
[Result "1-0"]
[WhiteElo "1930"]
[BlackElo "1771"]
[PlyCount "83"]
[EventDate "2016.07.23"]

1. d4 d5 2. c4 e6 3. Nf3 f5 4. Nc3 c6 5. Bf4 Nf6 6. e3 Be7 7. Bd3 Ne4 8. Qc2
Nd7 9. O-O Ndf6 10. Ne2 O-O 11. a3 a5 12. b3 Bd7 13. c5 Be8 14. Qb2 Nd7 15. b4
a4 16. Ne5 g5 17. Nxd7 Bxd7 18. Be5 Be8 19. f3 Nf6 20. b5 Nd7 21. Bg3 Bf6 22.
Bd6 Be7 23. bxc6 bxc6 24. Bxe7 Qxe7 25. Rab1 Ra7 26. Qc2 Bg6 27. Rb4 Rfa8 28.
Kf2 Kg7 29. Rfb1 Kh6 30. Nc3 e5 31. Bxf5 exd4 32. exd4 Nxc5 33. Bxg6 hxg6 34.
Re1 Qd6 35. dxc5 Qxc5+ 36. Kf1 d4 37. Rc1 dxc3 38. Qxc3 Qd6 39. h4 Qg3 40.
hxg5+ Qxg5 41. Kf2 Rd7 42. Rh1+ 1-0

[Event "Xtracon Chess Open 2016"]
[Site "Elsinore"]
[Date "2016.07.28"]
[Round "7.133"]
[White "Maselli, Daniel"]
[Black "Stam, Bart"]
[Result "1-0"]
[WhiteElo "1751"]
[BlackElo "1929"]
[PlyCount "95"]
[EventDate "2016.07.23"]

1. d4 Nf6 2. Nf3 e6 3. Bg5 d5 4. e3 Be7 5. Bd3 O-O 6. O-O c5 7. c3 Nc6 8. Nbd2
b6 9. Qe2 Bb7 10. dxc5 bxc5 11. Bxf6 Bxf6 12. e4 dxe4 13. Nxe4 Be7 14. Qe3 Qd5
15. Ng3 Rad8 16. Rfd1 f5 17. Be2 f4 18. Qc1 Nd4 19. cxd4 fxg3 20. hxg3 Qe4 21.
Re1 Qc6 22. Bc4 Rf6 23. d5 exd5 24. Rxe7 dxc4 25. Qg5 Rg6 26. Rxg7+ Kxg7 27.
Qe7+ Kh8 28. Qxd8+ Rg8 29. Qd2 Qf6 30. Qc3 Qxc3 31. bxc3 Rd8 32. Re1 Rd7 33.
Re5 Bd5 34. Re8+ Kg7 35. Rc8 Bxf3 36. gxf3 Rd3 37. Rxc5 Rxc3 38. Kg2 Kf6 39.
Rc7 a5 40. Rxh7 Ke5 41. Rh5+ Kd4 42. Rxa5 Rc1 43. Ra8 Kc3 44. g4 Kb2 45. Rc8
Kxa2 46. g5 Kb3 47. g6 Ra1 48. g7 1-0

[Event "Xtracon Chess Open 2016"]
[Site "Elsinore"]
[Date "2016.07.28"]
[Round "7.134"]
[White "Norevall, Ulf"]
[Black "Meyer, Juergen"]
[Result "0-1"]
[WhiteElo "1749"]
[BlackElo "1925"]
[PlyCount "90"]
[EventDate "2016.07.23"]

1. d4 f5 2. Nf3 Nf6 3. g3 g6 4. Bg2 Bg7 5. O-O O-O 6. c4 d6 7. Nc3 Nc6 8. d5
Ne5 9. Nxe5 dxe5 10. e4 f4 11. gxf4 exf4 12. f3 Qd6 13. Qe2 Qe5 14. Bd2 Bd7 15.
Rab1 Nh5 16. Rfd1 a6 17. Be1 Qg5 18. Qd2 Be5 19. h4 Qf6 20. Rbc1 g5 21. hxg5
Qxg5 22. Rc2 Kh8 23. Qf2 Ng3 24. Ne2 h5 25. Nxg3 fxg3 26. Qd2 Rf4 27. Qd3 Rf6
28. Bd2 Qh4 29. Bc3 Qh2+ 30. Kf1 Bh3 31. Qe3 Qh1+ 32. Qg1 Rxf3+ 33. Ke2 Qxg2+
34. Qxg2 Bxg2 35. Bxe5+ Kh7 36. Rg1 Rf2+ 37. Kd3 Bxe4+ 38. Kxe4 Rxc2 39. Rxg3
Rxc4+ 40. Kf5 Rg8 41. Rh3 h4 42. b3 Rcg4 43. Bxc7 Kh6 44. Bf4+ Kh5 45. Be3 Rf8+
0-1

[Event "Xtracon Chess Open 2016"]
[Site "Elsinore"]
[Date "2016.07.28"]
[Round "7.136"]
[White "Klitgaard, Ebbe"]
[Black "Bratteteig, Tore Inge"]
[Result "1-0"]
[WhiteElo "1914"]
[BlackElo "1710"]
[PlyCount "55"]
[EventDate "2016.07.23"]

1. c4 f5 2. Nc3 Nf6 3. g3 e5 4. Bg2 c5 5. e3 Nc6 6. Nge2 Be7 7. d4 d6 8. d5 Nb8
9. b3 Na6 10. Bb2 Nc7 11. Qc2 b6 12. O-O-O a6 13. a4 Rb8 14. e4 fxe4 15. Nxe4
b5 16. f4 Nxe4 17. Bxe4 Bf6 18. fxe5 dxe5 19. h4 O-O 20. Bxh7+ Kh8 21. Be4 Ne8
22. Rdf1 Nd6 23. Bg6 bxc4 24. bxc4 Qb6 25. Bxe5 Bg4 26. Bxf6 Bxe2 27. Qxe2 gxf6
28. Qh5+ 1-0

[Event "Xtracon Chess Open 2016"]
[Site "Elsinore"]
[Date "2016.07.28"]
[Round "7.137"]
[White "Pedersen, Kim Michael"]
[Black "Undheim, Bjarne"]
[Result "0-1"]
[WhiteElo "1745"]
[BlackElo "1910"]
[PlyCount "56"]
[EventDate "2016.07.23"]

1. d4 d5 2. Bf4 Nc6 3. e3 Nf6 4. Nd2 Bf5 5. c3 e6 6. Ngf3 Bd6 7. Ne5 Bxe5 8.
dxe5 Nd7 9. Nf3 h6 10. Bb5 Be4 11. Bd3 Bxf3 12. gxf3 Ncxe5 13. Be2 Qf6 14. Bg3
O-O-O 15. f4 Nc6 16. Qc2 Ne7 17. O-O-O Nf5 18. Qa4 Kb8 19. Qb4 c5 20. Qb3 Nb6
21. a4 Rd6 22. Bf3 Nc4 23. Qc2 Rb6 24. b3 Na5 25. Kd2 Rxb3 26. Rb1 Nc4+ 27. Kd3
Nd4 28. Bh4 Qg6+ 0-1

[Event "Xtracon Chess Open 2016"]
[Site "Elsinore"]
[Date "2016.07.28"]
[Round "7.138"]
[White "French, Max"]
[Black "Joensson, Jacob"]
[Result "1-0"]
[WhiteElo "1908"]
[BlackElo "1680"]
[PlyCount "107"]
[EventDate "2016.07.23"]

1. d4 Nf6 2. c4 e6 3. Nf3 d5 4. Nc3 Be7 5. cxd5 exd5 6. Bg5 c6 7. e3 O-O 8. Bd3
Nbd7 9. O-O Re8 10. Qc2 Ne4 11. Bf4 f5 12. Nxd5 Bd6 13. Bxd6 Nxd6 14. Nc3 Nf6
15. b4 Be6 16. Ng5 g6 17. Nxe6 Rxe6 18. Qb3 Qe7 19. Na4 Nd5 20. Nc5 Rf6 21.
Rfe1 Kg7 22. b5 Ne4 23. Bxe4 fxe4 24. bxc6 bxc6 25. Qc2 Re8 26. Rab1 Nb6 27. a4
Rf5 28. a5 Rxc5 29. Qxc5 Nd5 30. Qxc6 Nb4 31. Qc4 Nd3 32. Red1 Rf8 33. Rxd3
exd3 34. Qxd3 Qc7 35. a6 Rb8 36. h3 Kf6 37. d5 h5 38. Rxb8 Qxb8 39. d6 Qb6 40.
d7 Ke7 41. d8=Q+ Qxd8 42. Qxd8+ Kxd8 43. e4 Kc7 44. e5 Kb6 45. f4 Kc5 46. Kf2
h4 47. g4 Kd5 48. g5 Ke6 49. Ke3 Kd5 50. Kd3 Ke6 51. Ke4 Kf7 52. f5 gxf5+ 53.
Kxf5 Kg7 54. e6 1-0

[Event "Xtracon Chess Open 2016"]
[Site "Elsinore"]
[Date "2016.07.28"]
[Round "7.139"]
[White "Nielsen, Jorgen Kamp"]
[Black "Janse, Sebastiaan"]
[Result "0-1"]
[WhiteElo "1727"]
[BlackElo "1903"]
[PlyCount "90"]
[EventDate "2016.07.23"]

1. d4 Nf6 2. Nf3 e6 3. e3 d5 4. Bd3 c5 5. b3 Nc6 6. Bb2 Be7 7. Nbd2 O-O 8. O-O
b6 9. Ne5 Bb7 10. f4 Nb4 11. Be2 Ne4 12. Nxe4 dxe4 13. a3 Nd5 14. Ng4 h5 15. c4
hxg4 16. cxd5 exd5 17. Bxg4 Bf6 18. Qd2 cxd4 19. Bxd4 Bxd4 20. Qxd4 Qd6 21.
Rfd1 f5 22. Be2 Rac8 23. Bc4 Rfd8 24. Ra2 Qe7 25. Bf1 Qc5 26. b4 Qxd4 27. Rxd4
Rc3 28. Kf2 Rdc8 29. Bb5 R8c7 30. Be2 Kf7 31. Rdd2 Ke6 32. Bd1 Ba6 33. Rdc2 Bd3
34. Rxc3 Rxc3 35. Be2 Bc4 36. Bxc4 dxc4 37. Ke2 Rd3 38. a4 Kd5 39. Rd2 a5 40.
bxa5 bxa5 41. h3 Kc5 42. Rb2 c3 43. Rb8 Kc4 44. g4 c2 45. Rc8+ Kb3 0-1

[Event "Xtracon Chess Open 2016"]
[Site "Elsinore"]
[Date "2016.07.28"]
[Round "7.140"]
[White "Shehzad, Shazil"]
[Black "Stockhaug, Jon Arne"]
[Result "1-0"]
[WhiteElo "1711"]
[BlackElo "1901"]
[PlyCount "113"]
[EventDate "2016.07.23"]

1. e4 c5 2. Nc3 Nc6 3. f4 g6 4. Nf3 Bg7 5. Bb5 Nd4 6. Bc4 d6 7. O-O Nf6 8. h3
O-O 9. e5 dxe5 10. Nxe5 e6 11. d3 a6 12. a4 b6 13. Ne2 Bb7 14. c3 Nf5 15. Qe1
Nd5 16. Qf2 Qd6 17. d4 cxd4 18. cxd4 Rfd8 19. g4 Nfe7 20. Ng3 Nb4 21. Be3 Ned5
22. Rad1 Nxe3 23. Qxe3 Nc2 24. Qf2 Nxd4 25. Rd2 Bxe5 26. fxe5 Qxe5 27. Qxf7+
Kh8 28. Qxb7 Qxg3+ 29. Qg2 Nf3+ 30. Rxf3 Qe1+ 31. Rf1 Qxd2 32. Rf8+ Kg7 33.
Qxd2 Rxd2 34. Rxa8 Rxb2 35. Rxa6 Kf6 36. Bb5 Kg5 37. Rxb6 e5 38. a5 e4 39. Kf1
e3 40. Be2 Ra2 41. a6 Kf4 42. Rf6+ Kg3 43. Rf3+ Kh4 44. Rxe3 Ra1+ 45. Kg2 Ra2
46. Re7 h5 47. Re4 hxg4 48. Rxg4+ Kh5 49. Kf3 Kh6 50. Rb4 Kg5 51. Rb7 Kh4 52.
a7 Kg5 53. Kg3 Ra3+ 54. Bf3 Ra1 55. Rb5+ Kh6 56. a8=Q Rxa8 57. Bxa8 1-0

[Event "Xtracon Chess Open 2016"]
[Site "Elsinore"]
[Date "2016.07.28"]
[Round "7.141"]
[White "Lunde, Sigmund"]
[Black "Grotle, Ramona"]
[Result "1/2-1/2"]
[WhiteElo "1894"]
[BlackElo "1632"]
[PlyCount "46"]
[EventDate "2016.07.23"]

1. e4 c6 2. Nc3 d5 3. d4 dxe4 4. Nxe4 Bf5 5. Ng3 Bg6 6. Nf3 Nd7 7. Nh4 e6 8.
Nxg6 hxg6 9. Be3 Ngf6 10. Bc4 Bd6 11. Nf1 Qc7 12. Qe2 O-O-O 13. O-O-O Nb6 14.
Bb3 c5 15. dxc5 Bxc5 16. Rxd8+ Rxd8 17. Bxc5 Qxc5 18. Ne3 Qe5 19. h4 Ne4 20.
Rf1 Nd2 21. Re1 Nxb3+ 22. axb3 Qa5 23. c3 Qe5 1/2-1/2

[Event "Xtracon Chess Open 2016"]
[Site "Elsinore"]
[Date "2016.07.28"]
[Round "7.142"]
[White "Tolba, Henri"]
[Black "Stuhlmann, Alexander"]
[Result "0-1"]
[WhiteElo "1688"]
[BlackElo "1873"]
[PlyCount "66"]
[EventDate "2016.07.23"]

1. d4 Nf6 2. Nf3 g6 3. Nc3 d5 4. Bg5 Bg7 5. Qd2 Ne4 6. Nxe4 dxe4 7. Ng1 Qxd4 8.
c3 Qxd2+ 9. Kxd2 f6 10. Be3 b6 11. h4 e5 12. f4 f5 13. Nh3 O-O 14. fxe5 Nc6 15.
Bf4 Bxe5 16. e3 Bxf4 17. Bc4+ Kg7 18. Nxf4 Ne5 19. Be2 Rd8+ 20. Kc2 Kf6 21.
Rad1 Be6 22. Nxe6 Kxe6 23. Rd4 c5 24. Rd2 Rxd2+ 25. Kxd2 Rd8+ 26. Kc2 c4 27. b4
b5 28. Rg1 h5 29. Ra1 a5 30. bxa5 Ra8 31. Kb2 Nd3+ 32. Bxd3 cxd3 33. Ka3 f4 0-1

[Event "Xtracon Chess Open 2016"]
[Site "Elsinore"]
[Date "2016.07.28"]
[Round "7.143"]
[White "Hansen, Ole Foss"]
[Black "Opseth, Oliver"]
[Result "1-0"]
[WhiteElo "1871"]
[BlackElo "1545"]
[PlyCount "89"]
[EventDate "2016.07.23"]

1. d4 Nf6 2. Nf3 d5 3. Bf4 c5 4. c3 Bf5 5. e3 e6 6. Bb5+ Nbd7 7. h3 Qb6 8. Qe2
c4 9. Ba4 Be7 10. Ne5 Rd8 11. b3 O-O 12. b4 Be4 13. f3 Nxe5 14. Bxe5 Bd3 15.
Qf2 Bxb4 16. Bxf6 gxf6 17. Bc2 Bxc2 18. Qxc2 Bd6 19. O-O e5 20. Nd2 Kh8 21.
Rab1 Qc7 22. Qf5 Be7 23. f4 Rg8 24. Rf3 Rg7 25. Nf1 Rdg8 26. Rb2 Qa5 27. g4 h6
28. fxe5 fxe5 29. Qxe5 Qxc3 30. Rbf2 Bh4 31. Ng3 Bxg3 32. Rxg3 Qd3 33. Rxf7 Qg6
34. Rgf3 h5 35. Rxg7 Rxg7 36. Rf6 Qg5 37. Rf5 Qe7 38. Rxh5+ Kg8 39. Qxd5+ Qf7
40. Qd8+ Qf8 41. Rd5 c3 42. Qxf8+ Kxf8 43. Rd8+ Ke7 44. Rc8 Rh7 45. Kg2 1-0

[Event "Xtracon Chess Open 2016"]
[Site "Elsinore"]
[Date "2016.07.28"]
[Round "7.144"]
[White "Kyrkjebo, Marte Bakken"]
[Black "Tjora, Alexander"]
[Result "1-0"]
[WhiteElo "1860"]
[BlackElo "1411"]
[PlyCount "89"]
[EventDate "2016.07.23"]

1. e4 e5 2. Nf3 Nc6 3. d4 exd4 4. Nxd4 Nf6 5. Nxc6 bxc6 6. e5 Qe7 7. Qe2 Nd5 8.
c4 Ba6 9. b3 Qh4 10. a3 Bc5 11. Bb2 O-O 12. g3 Qh6 13. b4 Nxb4 14. axb4 Bxb4+
15. Nc3 c5 16. Bg2 Rab8 17. O-O Bxc3 18. Bxc3 Qe6 19. Bd5 Qxd5 20. Rxa6 Qa8 21.
Rfa1 Rb7 22. f4 Rfb8 23. Qc2 h6 24. Kf2 Rb6 25. Rxb6 cxb6 26. Qd3 Rd8 27. Qf3
d5 28. exd6 Qxf3+ 29. Kxf3 Rxd6 30. Be5 Rd7 31. Bb8 Rb7 32. Bxa7 f5 33. Ra6 Rd7
34. Bxb6 Rd3+ 35. Ke2 Rc3 36. Bxc5 Rxc4 37. Be3 Re4 38. Kf3 Kf7 39. h4 Re6 40.
Rxe6 Kxe6 41. h5 g6 42. hxg6 Kf6 43. Bd4+ Kxg6 44. Kg2 h5 45. Kh3 1-0

[Event "Xtracon Chess Open 2016"]
[Site "Elsinore"]
[Date "2016.07.28"]
[Round "7.145"]
[White "Haugaard, Thomas"]
[Black "Sajjadi, Kimiya"]
[Result "0-1"]
[WhiteElo "1672"]
[BlackElo "1860"]
[PlyCount "92"]
[EventDate "2016.07.23"]

1. d4 Nf6 2. c4 c5 3. d5 b5 4. cxb5 a6 5. b6 d6 6. Nc3 g6 7. e4 Nbd7 8. b7 Bxb7
9. Nf3 Bg7 10. a4 O-O 11. Bf4 Ng4 12. Nd2 Nde5 13. a5 Rb8 14. Be3 Nf6 15. Be2
Bc8 16. b3 Nfg4 17. Bf4 Nd3+ 18. Bxd3 Bxc3 19. Ra2 Ne5 20. Be2 Qc7 21. O-O Qb7
22. Nc4 Nxc4 23. Bxc4 Bd7 24. Qd3 Qb4 25. Rc1 Bd4 26. Bd2 Qb7 27. Bc3 Bxc3 28.
Qxc3 Bb5 29. f4 Bxc4 30. bxc4 Qb4 31. Qxb4 Rxb4 32. Rcc2 Rfb8 33. Kf2 Rb3 34.
Ke2 Kg7 35. Kd2 Rb1 36. Ke2 R8b3 37. Kf2 h5 38. g3 Kh6 39. e5 h4 40. Kg2 Kh5
41. exd6 exd6 42. Re2 hxg3 43. hxg3 Kg4 44. Re7 Rxg3+ 45. Kh2 Rh3+ 46. Kg2 Rbh1
0-1

[Event "Xtracon Chess Open 2016"]
[Site "Elsinore"]
[Date "2016.07.28"]
[Round "7.146"]
[White "Shehzad, Kasher"]
[Black "Hansen, Tommy"]
[Result "1-0"]
[WhiteElo "1656"]
[BlackElo "1835"]
[PlyCount "93"]
[EventDate "2016.07.23"]

1. e4 d5 2. exd5 Nf6 3. Bb5+ Nbd7 4. c4 a6 5. Ba4 b5 6. cxb5 Nxd5 7. Nc3 N5b6
8. Qf3 e6 9. Nge2 Nc5 10. Bc2 axb5 11. Nxb5 Bb7 12. Qh3 Ba6 13. Nbd4 Qd5 14.
Qf3 Qd8 15. b4 Bb7 16. Nc6 Bxc6 17. Qxc6+ Ncd7 18. Bb2 Qg5 19. Bc3 Bd6 20. a4
O-O 21. a5 Ne5 22. Qe4 f5 23. Qe3 Qxg2 24. Rg1 Nf3+ 25. Kd1 Nxg1 26. Nxg1 Qxg1+
27. Ke2 Qg4+ 28. f3 Qg2+ 29. Kd3 Nc8 30. Rg1 Qxg1 31. Qxg1 e5 32. f4 Re8 33.
Bb3+ Kh8 34. Qg2 Rb8 35. Qh3 Ne7 36. Bf7 Red8 37. Kc4 Rf8 38. fxe5 Bxb4 39.
Bxb4 Rxf7 40. e6 Rf6 41. Bxe7 Rxe6 42. Bc5 Re4+ 43. d4 g6 44. Qh6 c6 45. a6 Re6
46. a7 Rd8 47. Bf8 1-0

[Event "Xtracon Chess Open 2016"]
[Site "Elsinore"]
[Date "2016.07.28"]
[Round "7.147"]
[White "Rogacewicz, Mikolaj"]
[Black "Hansen, Henrik Damgaard"]
[Result "1-0"]
[WhiteElo "1551"]
[BlackElo "1831"]
[PlyCount "127"]
[EventDate "2016.07.23"]

1. d4 g6 2. c4 Bg7 3. Nc3 d6 4. e4 a6 5. Be3 Nd7 6. Qd2 b6 7. Nge2 Bb7 8. f3 e6
9. h4 h5 10. Nc1 c5 11. Nb3 Qc7 12. O-O-O O-O-O 13. Kb1 Bh6 14. Bxh6 Nxh6 15.
Be2 f6 16. Rhe1 Nf7 17. d5 e5 18. g3 Kb8 19. Bf1 Nf8 20. Bh3 Bc8 21. Bxc8 Rxc8
22. Kc2 Kb7 23. Nc1 Nd7 24. Nd3 Rhe8 25. Rg1 Rg8 26. Rg2 f5 27. g4 f4 28. gxh5
gxh5 29. Rdg1 Qb8 30. Rg7 Rcf8 31. R1g6 Rxg7 32. Rxg7 Qd8 33. Qh2 Qf6 34. Rg1
Rh8 35. Qh3 Nf8 36. b4 Kc7 37. bxc5 bxc5 38. Ne2 Rh6 39. Rg8 Rh8 40. Rxh8 Nxh8
41. Ne1 Nfg6 42. Ng2 Ne7 43. Nc1 Qg6 44. Nb3 Qg3 45. Qxg3 fxg3 46. Nc1 Nhg6 47.
Ne2 Nf4 48. Nexf4 exf4 49. Nxf4 Ng6 50. Ng2 Ne5 51. f4 Nxc4 52. Kd3 Nb6 53. Ke3
Nd7 54. Kf3 Nf6 55. Ne3 Kd7 56. e5 dxe5 57. fxe5 Ng4 58. Nc4 g2 59. Kxg2 Nxe5
60. Nxe5+ Kd6 61. Nd3 Kxd5 62. Nf4+ Kd4 63. Nxh5 Kc3 64. Nf4 1-0

[Event "Xtracon Chess Open 2016"]
[Site "Elsinore"]
[Date "2016.07.28"]
[Round "7.150"]
[White "Skjoldager, Flemming"]
[Black "Madsen, Svend"]
[Result "1/2-1/2"]
[WhiteElo "1926"]
[BlackElo "1638"]
[PlyCount "91"]
[EventDate "2016.07.23"]

1. e4 Nf6 2. e5 Nd5 3. Nc3 Nxc3 4. bxc3 c5 5. d4 e6 6. Nf3 Be7 7. Bd3 d5 8.
exd6 Qxd6 9. O-O O-O 10. Qe2 Nc6 11. Ba3 b6 12. Rad1 Qc7 13. Bb2 Bb7 14. Rfe1
Bf6 15. g4 g6 16. Qe3 cxd4 17. cxd4 Ne7 18. Ne5 Nd5 19. Qd2 Rad8 20. Ba3 Be7
21. Bxe7 Qxe7 22. Be4 Nf6 23. Bxb7 Qxb7 24. g5 Nh5 25. Re3 Qc8 26. Ng4 f6 27.
gxf6 Nxf6 28. Ne5 Nd7 29. Nd3 Rde8 30. c3 Qd8 31. Qe2 Qf6 32. Re1 Qf5 33. Rxe6
Rd8 34. Re3 Rc8 35. Rc1 Qg5+ 36. Rg3 Qf5 37. Qd2 Kg7 38. Re1 Rf7 39. Rg5 Qf6
40. Re2 Rxc3 41. Qxc3 Qxg5+ 42. Kf1 Qd5 43. Kg1 Qg5+ 44. Kf1 Qd5 45. Kg1 Qg5+
46. Kf1 1/2-1/2

[Event "Xtracon Chess Open 2016"]
[Site "Elsinore"]
[Date "2016.07.28"]
[Round "7.151"]
[White "Rygg, Andreas Gangstad"]
[Black "Johansen, Johnny Holler"]
[Result "0-1"]
[WhiteElo "1631"]
[BlackElo "1919"]
[PlyCount "136"]
[EventDate "2016.07.23"]

1. e4 c5 2. b3 e6 3. Bb2 a6 4. Nf3 Nc6 5. Bd3 d6 6. O-O Nf6 7. Nc3 Be7 8. Re1
Qc7 9. a3 O-O 10. Ne2 d5 11. exd5 Nxd5 12. Ng3 Bf6 13. Bxf6 Nxf6 14. Ne4 Qe7
15. Qe2 Nd4 16. Nxd4 cxd4 17. Nxf6+ Qxf6 18. Qe4 g6 19. Qe5 Qxe5 20. Rxe5 b6
21. c3 dxc3 22. dxc3 Bb7 23. Be2 Rfd8 24. Rd1 Rxd1+ 25. Bxd1 Rd8 26. Be2 Rd2
27. Re3 Ra2 28. a4 Ra1+ 29. Bf1 b5 30. axb5 axb5 31. f3 Bd5 32. Kf2 Ra2+ 33.
Re2 Ra7 34. b4 Kf8 35. Rd2 Rb7 36. Ke3 Ke7 37. Bd3 Kd6 38. Rd1 Kc6 39. Ra1 Kb6
40. Ra5 Bc6 41. Be4 Rd7 42. Bxc6 Kxc6 43. Ra8 f6 44. h4 h6 45. g3 Kb6 46. Ra2
Rd1 47. Rd2 Rxd2 48. Kxd2 Kc6 49. Ke3 Kd5 50. Kd3 e5 51. g4 h5 52. gxh5 gxh5
53. c4+ bxc4+ 54. Kc3 f5 55. b5 Kc5 56. b6 Kxb6 57. Kxc4 Kc6 58. Kd3 Kd5 59.
Ke3 Kc4 60. Ke2 Kd4 61. Kd2 f4 62. Ke2 Kc3 63. Ke1 Kd3 64. Kf2 Kd2 65. Kf1 Ke3
66. Kg2 Ke2 67. Kh3 Kxf3 68. Kh2 e4 0-1

[Event "Xtracon Chess Open 2016"]
[Site "Elsinore"]
[Date "2016.07.28"]
[Round "7.152"]
[White "Gjare, Vidar"]
[Black "Keen, Cosima"]
[Result "0-1"]
[WhiteElo "1646"]
[BlackElo "1918"]
[PlyCount "82"]
[EventDate "2016.07.23"]

1. e4 c6 2. c4 d5 3. exd5 cxd5 4. d4 Nf6 5. Nc3 e6 6. Nf3 Be7 7. Be2 O-O 8. O-O
a6 9. b3 Nc6 10. Bb2 b6 11. cxd5 exd5 12. Qc2 Nb4 13. Qb1 g6 14. a3 Bf5 15. Qd1
Nc6 16. Ne5 Bd6 17. g4 Bc2 18. Qd2 Bxb3 19. Qe3 Na5 20. f4 Nc4 21. Bxc4 Bxc4
22. Rf3 Re8 23. f5 Bf8 24. fxg6 fxg6 25. Qg5 Bg7 26. Qf4 Qe7 27. Re1 b5 28.
Ree3 Qf8 29. h4 a5 30. h5 gxh5 31. gxh5 Ra7 32. Qg5 Kh8 33. Ng6+ hxg6 34. Rxe8
Qxe8 35. h6 Bxh6 36. Qxf6+ Bg7 37. Qh4+ Kg8 38. Qf4 Re7 39. Kg2 b4 40. axb4
axb4 41. Na4 Qxa4 0-1

[Event "Xtracon Chess Open 2016"]
[Site "Elsinore"]
[Date "2016.07.28"]
[Round "7.153"]
[White "Skjoldager, Morten"]
[Black "Stuhr, Peter Sebastian"]
[Result "0-1"]
[WhiteElo "1629"]
[BlackElo "1918"]
[PlyCount "162"]
[EventDate "2016.07.23"]

1. e4 d6 2. Nf3 Nd7 3. Bc4 Ngf6 4. Nc3 c6 5. d3 h6 6. Be3 e5 7. Qd2 a5 8. a4
Be7 9. Ne2 Nf8 10. Ng3 Ng6 11. O-O Kf8 12. Ne1 d5 13. exd5 cxd5 14. Bb3 d4 15.
Bxh6 Rxh6 16. Ne2 Bd6 17. c3 Qb6 18. Ba2 Bg4 19. cxd4 Bxe2 20. Qxe2 exd4 21.
Nf3 Nf4 22. Qc2 Qc7 23. Qxc7 Bxc7 24. g3 Nxd3 25. Ng5 Ng4 26. h4 Ndxf2 27. Rxf2
Nxf2 28. Kxf2 Rf6+ 29. Kg2 Re8 30. Nh7+ Kg8 31. Nxf6+ gxf6 32. Kf3 Re3+ 33. Kg2
Bxg3 34. Rd1 Be5 35. Bc4 Rg3+ 36. Kf2 Rh3 37. b3 Rxh4 38. Rd3 f5 39. Kf3 Kf8
40. Kg2 Re4 41. Kf3 Re1 42. Kf2 Rh1 43. Bd5 Rh2+ 44. Kg1 b6 45. Rxd4 Rb2 46.
Rc4 Kg7 47. Rc6 f6 48. Kf1 Bd4 49. Re6 Rf2+ 50. Ke1 Rc2 51. Re2 Rc5 52. Rg2+
Kf8 53. Bc4 f4 54. Rg4 Be3 55. Rg6 Ke7 56. Rg7+ Kd6 57. Rf7 Ke5 58. Ke2 Rc6 59.
Rd7 Bc5 60. Kf3 Bd6 61. Rf7 Rc8 62. Rh7 Kd4 63. Rh6 Be5 64. Rh7 Rxc4 65. bxc4
Kxc4 66. Rb7 Kc5 67. Rd7 Kb4 68. Rb7 Bd4 69. Rd7 Be5 70. Rb7 Kxa4 71. Rxb6 Ka3
72. Rb5 a4 73. Rb7 Ka2 74. Ke4 f3 75. Kxf3 Bb2 76. Kf4 a3 77. Ra7 Kb3 78. Rb7+
Kc2 79. Rc7+ Kb1 80. Rh7 a2 81. Rh1+ Bc1+ 0-1

[Event "Xtracon Chess Open 2016"]
[Site "Elsinore"]
[Date "2016.07.28"]
[Round "7.154"]
[White "Joensen, Sigurd"]
[Black "Andersen, Daniel"]
[Result "0-1"]
[WhiteElo "1615"]
[BlackElo "1875"]
[PlyCount "54"]
[EventDate "2016.07.23"]

1. e4 c5 2. Nf3 d6 3. d3 Nc6 4. a3 g6 5. c3 Nf6 6. h3 Bg7 7. Be2 O-O 8. Bg5 h6
9. Bf4 e5 10. Bh2 Re8 11. O-O d5 12. Nbd2 Nh5 13. exd5 Qxd5 14. Ne4 b6 15. Nh4
Nf6 16. Nxf6+ Bxf6 17. Nf3 Bf5 18. Ne1 Rad8 19. Qd2 Bg7 20. Qe3 e4 21. Rd1 exd3
22. Bf3 Qb3 23. Qd2 Na5 24. Bf4 g5 25. Be3 Nc4 26. Qc1 Qxb2 27. Qxb2 Nxb2 0-1

[Event "Xtracon Chess Open 2016"]
[Site "Elsinore"]
[Date "2016.07.28"]
[Round "7.155"]
[White "Lavrsen, Frands Winther"]
[Black "van den Brink, Nienke"]
[Result "0-1"]
[WhiteElo "1851"]
[BlackElo "1612"]
[PlyCount "44"]
[EventDate "2016.07.23"]

1. e4 c5 2. Bc4 e6 3. a3 g6 4. Nc3 Bg7 5. Nf3 Nc6 6. O-O Nge7 7. d3 O-O 8. Be3
d5 9. exd5 exd5 10. Nxd5 Nxd5 11. Bxc5 Re8 12. Qc1 Bg4 13. Nd2 Nf4 14. Qb1 Be2
15. Re1 Qg5 16. g3 Nh3+ 17. Kg2 Qxc5 18. Kxh3 Qxf2 19. Ne4 Rxe4 20. Bxf7+ Qxf7
21. dxe4 Qe6+ 22. Kg2 Qxe4+ 0-1